000 00411pab a2200145 454500
008 180718b1989 xxu||||| |||| 00| 0 eng d
100 _aFeirman, H.
245 _aCulturally based goal displacement in an Egyptian F.P - MCH program
260 _c1989
300 _a1-17
650 _aBirth Control - Egypt
700 _aN. Langworthy
773 _aInternational Journal of Public Administration
909 _a4508
999 _c4508
_d4508